| 000 | 00739nam a2200241Ia 4500 | ||
|---|---|---|---|
| 999 |
_c65640 _d65640 |
||
| 005 | 20240530110835.0 | ||
| 008 | 140319s2006 xx 000 0 ara d | ||
| 017 | _bمصر. دار الكتب | ||
| 040 |
_aGCL / _cGCL |
||
| 082 | 0 | 4 |
_221 _a296.12 _bش م |
| 100 | 1 | _aشتاينسالتز ، ادين | |
| 245 | 1 | 0 |
_aمدخل الى التلمود _cد.فينيتا الشيخ |
| 250 | _aط .1 | ||
| 260 |
_aدمشق : _c2007 |
||
| 300 | _a366 ص؛ | ||
| 650 | 0 | 4 |
_aالديمقراطية _2qrmak |
| 650 | 0 | 4 |
_aوسائل الاعلام _2qrmak |
| 650 | 0 | 4 |
_aالراى العام _2qrmak |
| 650 | 0 | 4 |
_aقياس الرأى العام _2qrmak |
| 651 | _2qrmak | ||
| 942 |
_2ddc _cBK |
||